| 000 | 00392nam a2200157Ia 4500 | ||
|---|---|---|---|
| 008 | 221030s9999 xx 000 0 und d | ||
| 041 | _aEnglish | ||
| 082 |
_a105.23 _bIng |
||
| 100 | _aC. K. Ingold | ||
| 245 | 0 |
_aStructure and Mechanism in Organic Chemistry _cby C. K. Ingold |
|
| 250 | _a2nd | ||
| 260 |
_bCBS Pub _aNew Delhi _c1994 |
||
| 300 | _a1266 | ||
| 650 | _aChemistry | ||
| 942 | _cBK | ||
| 999 |
_c6700 _d6700 |
||